000 00688nam a2200229Ia 4500
005 20250508163619.0
008 008 250505s9999 xx 000 0 eng d
037 _aTextBook
040 _aFEDL
_beng
_cFEDL
041 _aeng
_2eng
084 _a371.956, MCC
_qFEDL
100 _aMcCall Robert B
_948374
245 0 _aHigh school underachievers
260 _aCalifornia
_bSage Publications
_c1992
300 _axxi,164p
365 _aUSD
_b17.5
490 _aSage Series on Individual differences and development
650 _aTeaching Methods
_9774523
700 _a Evahn Cynthia Kratzer Lynn
_9775760
942 _cTB
_h371.956, MCC
999 _c1384350
_d1384350